| 000 | 00796nam a2200205 u 4500 | ||
|---|---|---|---|
| 001 | 000023710 | ||
| 005 | 20200930022416.0 | ||
| 008 | 101220s2000 ho r 000 | spa d | ||
| 040 |
_aDO-SdBNP _bspa _cBNPHU |
||
| 082 |
_axxx _bG312e |
||
| 100 | 1 |
_aGeilfus, Frans _99325 |
|
| 245 | 1 | 0 |
_aEstrategias campesinas : _bmarco de análisis para el desarrollo rural / _cFrans Geilfus; prólogo Guillermo E. Villanueva,Giorgio Mamberto, Miguel Angel Bonilla. |
| 260 |
_aTegucigalpa, Honduras : _bPROLANCHO : IICA : PRONADERS : SAG, _c2000. |
||
| 300 |
_a378 p. : _bil., mapas ; _c25 cm. |
||
| 500 | _aIncluye glosario y bibliografía | ||
| 700 | 1 |
_aVillanueva, Guillermo E. _epról. _948827 |
|
| 700 | 1 |
_aMamberto ,Giorgio _epról. _948828 |
|
| 700 | 1 |
_aBonilla, Miguel Angel _epról. _948829 |
|
| 049 | _aBNGR | ||
| 999 |
_c23206 _d23206 |
||